Responses for Show #5462 - Tuesday, May 13, 2008

2008 College Championship semifinal game 2.
From the Kohl Center at the University of Wisconsin-Madison.

Contestants

[<< previous game]

James Grant, a junior from Georgetown University

Andrew Chung, a sophomore from Harvey Mudd College

Danny Devries, a junior from the University of Michigan

[next game >>]

Jeopardy! Round responses

ART HISTORY
COLLEGE FOOTBALL GEOGRAPHY
THE NEW YORK TIMES FASHION
PENINSULAS
POLITICIANS
YOU'RE SUCH AN IDIOM!
    $200 17
Japan

Andrew
    $200 8
New Jersey

Andrew
    $200 6
[Andrew chooses the clue with an effeminate affect.]
...
(James: The wrong category for us.)
(Alex: James says it's the wrong category, Andrew. Do you agree?)
(Andrew: It is. I'll go with YOU'RE SUCH AN IDIOM! for $200.)

heels on women's shoes

Triple Stumper
    $200 1
Alaska

Danny
    $200 13
Nancy Pelosi

Andrew
    $200 7
the wrong tree

Danny
    $400 18
Picasso

Andrew
    $400 9
(Andrew: What is Georgia?)

Alabama

DannyAndrew
    $400 27
(Danny: What is a pea coat?)

a trenchcoat

DannyAndrew
    $400 2
Wales

James
    $400 14
(Denny) Hastert

Danny
    $400 16
the tongue

James
    $600 19
baroque

James
    $600 10
West Virginia

Danny
    $600 28
(Danny: What is Le Tigre?)

Lacoste

DannyJames
    $600 3
Russia

Andrew
    $600 15
Hawaii

Andrew
    $600 24
a grease monkey

James
    $800 20
Henri Matisse

Triple Stumper
    $800 11
Louisiana

James
    $800 29
Milan

James
    $800 4
the Iberian Peninsula

Andrew
    $800 22
(Danny: What is Tennessee?)

Mississippi

Danny
Triple Stumper
    $800 25
raising Cain

Danny
    $1000 21
Monet

Danny
    $1000 12
(Andrew: What is Kansas City?)

Boise

DannyAndrew
    $1000 30
Yves Saint Laurent

Danny
    $1000 5
Jutland

Triple Stumper
    $1000 23
(Andrew: Who is Jim Jeffords?)
...
(Alex: Of Connecticut, yes. The Senate.)

Joe Lieberman

DannyAndrew
    $4,800 26
(Danny: What is... castle?)

a hole in the wall

Danny

Scores at the first commercial break (after clue 15):

Danny Andrew James
$2,800 $1,000 $1,200

Scores at the end of the Jeopardy! Round:

Danny Andrew James
$0 $1,000 $4,200

Double Jeopardy! Round responses

DR. DREW
RECENT FILMS
MUSIC CLASS
LEND ME YOUR IROQUOIS
WHO'S YOUR MOMMY?
IT'S ALL FROM THE GREEK TO ME
    $400 2
bones

Danny
    $400 10
Leatherheads

Danny
    $400 13
(James: Who are Rodgers & Hammerstein?)

Gilbert & Sullivan

DannyJames
    $400 18
Mason & Dixon

Andrew
    $400 7
Queen Gertrude

Triple Stumper
    $400 1
anonymously

James
    $800 21
(Andrew: What is meditation?)

exercise

AndrewJames
    $800 11
21

Danny
    $800 25
fortissimo

Andrew
    $800 19
Ohio

Danny
    $800 8
Bathsheba

Danny
    $800 3
asylum

Andrew
    $1200 22
bipolar disorder

Andrew
    $1200 12
Vantage Point

James
    $2,000 26
the bassoon

Andrew
    $1200 20
lacrosse

Triple Stumper
    $1,200 9
necessity

Danny
    $1200 4
the microscope

Andrew
    $1600 23
PDAs (public displays of affection)

Andrew
    $1600 14
Raven

Triple Stumper
    $1600 27
staccato

Danny
    $1600 28
Seneca

Danny
    $1600 16
Rhea

Triple Stumper
    $1600 5
(James: What is nitrogen?)

oxygen

James
Triple Stumper
    $2000 24
seasonal affective disorder

Andrew
    $2000 15
The Rolling Stones

Triple Stumper
    $2000 30
(James: Who is Tchaikovsky?)

Aram Khachaturian

James
Triple Stumper
    $2000 29
Queen Anne

Triple Stumper
    $2000 17
(Danny: Who is Julius Caesar?)
[Laughter]
...
(Alex: You were on the right track, but it was [*]. It's WHO'S YOUR MOMMY?, not "Who's your Daddy?"!)

Cleopatra

Danny
Triple Stumper
    $2000 6
schizophrenia

Andrew

Scores at the end of the Double Jeopardy! Round:

Danny Andrew James
$6,000 $12,200 $2,600
(lock game)

[wagering suggestions for these scores]

Final Jeopardy! Round responses

CIVIL WAR-ERA FICTION
(Alex: The correct response is [*], by Edward Everett Hale.)
JamesWhat is Go G-town Rugby!
$2,596
DannyWhat is Congrats! Go BLUE!
$0
AndrewWhat is ...I don't know.
$0
The Man Without A Country

Final scores:

Danny Andrew James
$6,000 $12,200 $4
2nd place: $10,000 Finalist 3rd place: $10,000

Game dynamics:

Coryat scores:

Danny Andrew James
$10,800 $11,400 $2,600
19 R
(including 1 DD),
5 W
(including 1 DD)
17 R
(including 1 DD),
4 W
10 R,
3 W

Combined Coryat: $24,800

[game clues] [game scores] [suggest correction]

Game tape date: 2008-04-12
The J! Archive is created by fans, for fans. Scraping, republication, monetization, and malicious use prohibited; this site may use cookies and collect identifying information. See terms. The Jeopardy! game show and all elements thereof, including but not limited to copyright and trademark thereto, are the property of Jeopardy Productions, Inc. and are protected under law. This website is not affiliated with, sponsored by, or operated by Jeopardy Productions, Inc. Join the discussion at JBoard.tv.